MARC

LEADER 00000nam0a2200000 4500
001 98217
005 20231101214156.0
035 |a (RuTPU)RU\TPU\book\105261 
090 |a 98217 
100 |a 20060614d1951 m y0rusy50 ca 
101 0 |a rus 
102 |a RU 
105 |a a j 001zy 
200 1 |a Конденсационные устройства паровых турбин  |e учебное пособие для энергомашиностроительных специальностей  |f В. П. Блюдов 
210 |a Москва  |c Госэнергоиздат  |d 1951  |a Ленинград 
215 |a 207 с.  |c ил. 
316 |5 63413507: М-132896  |a На титульном листе владельческая подпись: "Бутаков" 
317 |5 63413507: М-132896  |a Поступила в НТБ в 1970 г. в составе книжного собрания профессора ТПИ И. Н. Бутакова 
320 |a Алф. указ.: с. 206-207 
320 |a Библиогр.: с. 205 
606 1 |a Паровые турбины  |2 stltpush  |3 (RuTPU)RU\TPU\subj\74182  |9 86661 
606 1 |a Конденсаторы  |x Характеристики  |2 stltpush  |3 (RuTPU)RU\TPU\subj\15301  |9 41554 
610 1 |a тепловой процесс 
610 1 |a детали 
610 1 |a конденсационные установки 
610 1 |a вспомогательное оборудование 
610 1 |a циркуляционные насосы 
610 1 |a конденсатные насосы 
610 1 |a воздушные насосы 
610 1 |a пароструйные эжекторы 
610 1 |a учебные пособия 
610 1 |a библиотека И. Н. Бутакова 
610 1 |a владельческая надпись 
675 |a 621.165-2(075.8)  |v 3 
675 |a 09(075.8)  |v 3 
675 |a 621.319.4  |v 3 
700 1 |a Блюдов  |b В. П. 
801 1 |a RU  |b 63413507  |c 20060614  |g PSBO 
801 2 |a RU  |b 63413507  |c 20201127  |g PSBO 
942 |c BK